000 00419nam a2200181Ia 4500
001 7427
005 20260306160454.0
008 260306t2006||||xx |||||||||||||| ||spa||
041 _aESP
082 _a338.985
_bM86
100 _aMorote, Herbert
_eAUT
245 0 _aPero ...¿tiene el Perú salvación?
260 _c2006
300 _apágs. :
_ccm.
650 _aGEN
654 _aCAN
942 _cLIB
_dJUS
_fJUS
_2ddc
_n
999 _c7427
_d7427